| 000 | 00346nam a2200145Ia 4500 | ||
|---|---|---|---|
| 008 | 230711s9999||||xx |||||||||||||| ||und|| | ||
| 041 | _aENG | ||
| 082 |
_a667 _bVI-W |
||
| 100 | _aVickerman,C | ||
| 245 | 0 | _aWollen spinning | |
| 250 | _a1st Ed. | ||
| 260 |
_c1998 _aNew Delhi _bAbhishek Publications |
||
| 650 | _aTextile Engineering | ||
| 942 | _cBK | ||
| 999 |
_c3827 _d3827 |
||